Crisis financiera y regulación política en América Latina /

Spremljeno u:
Bibliografski detalji
Glavni autor: Marques Pereira, Jaime
Format: Tekst
Teme:
Oznake: Dodaj oznaku
Bez oznaka, Budi prvi tko označuje ovaj zapis!

MARC

LEADER 00000 a a2200000 04500
001 3520
003
040
100 |a Marques Pereira, Jaime  
245 |a Crisis financiera y regulación política en América Latina /  |c Jaime Marques Pereira 
650 |a CRISIS MONETARIA  
650 |a SISTEMA MONETARIO INTERNACIONAL  
650 |a POLITICA MONETARIA  
650 |a POLITICA FINANCIERA  
650 |a ECONOMIA INTERNACIONAL  
650 |a LIBERALIZACION ECONOMICA  
650 |a MERCADO FINANCIERO  
650 |a ENDEUDAMIENTO  
650 |a INFLACION  
773 |g volumen 51, número 9; páginas 840-850  
999 |c 20099  |d 20099